| 000 | 00471nam a2200181Ia 4500 | ||
|---|---|---|---|
| 003 | GCL | ||
| 008 | 140319s9999 xx 000 0 eng d | ||
| 040 |
_aGCL / _cGCL |
||
| 082 | 0 | 4 |
_a910 _bN N |
| 100 | 1 | _aNATINIONAL GEOGRAPHIC SOCITY | |
| 245 | 1 | 0 |
_aNATIONAL GEOGRAPHIC / _cNATINIONAL GEOGRAPHIC SOCITY |
| 260 |
_aنيويورك : _bNATIONAL GEOGRAPHIC SOCIETY |
||
| 300 | _a646 | ||
| 650 | 0 | 4 | _aGEOGRAPHY |
| 650 | 0 | 4 | _aATLAS |
| 650 | 0 | 4 | _aSOCIETES |
| 942 |
_2ddc _cCR |
||
| 999 |
_c25824 _d25824 |
||